[Event "Maastricht Limburg op-B 5th"]
[Site "Maastricht"]
[Date "2011.06.13"]
[Round "7"]
[White "Visser, Sebastiaan"]
[Black "Kranenburg, Sebastiaan"]
[Result "0-1"]
[WhiteElo "1904"]
[BlackElo "1618"]
[PlyCount "104"]
[EventDate "2011.06.10"]
[EventType "swiss"]
[EventRounds "7"]
[EventCountry "NED"]
[SourceTitle "EXT 2012"]
[Source "ChessBase"]
[SourceDate "2011.11.24"]
[SourceVersion "1"]
[SourceVersionDate "2011.11.24"]
[SourceQuality "1"]

1. d4 f5 2. Nf3 Nf6 3. c4 g6 4. Nc3 Bg7 5. Bg5 d6 6. e3 0-0 7. Be2 Nbd7 8. Qc2 c6 9. e4 Nxe4 10. Nxe4 fxe4 11. Qxe4 Nf6 12. Qe3 Qa5+ 13. Qd2 Qc7 14. Bh6 Ne4 15. Qe3 Qa5+ 16. Nd2 Bxh6 17. Qxh6 Qxd2+ 18. Qxd2 Nxd2 19. Kxd2 Rxf2 20. Rhg1 Bg4 21. Rae1 e5 22. dxe5 Re8 23. h3 Bxe2 24. Rxe2 Rxe2+ 25. Kxe2 Rxe5+ 26. Kd3 d5 27. cxd5 Rxd5+ 28. Kc3 Kf7 29. Rf1+ Rf5 30. Rd1 Ke7 31. Rd2 Rf6 32. Re2+ Re6 33. Rf2 Kd7 34. Kc4 Re7 35. Kd3 a5 36. g3 Kc7 37. Rf3 b5 38. g4 Kd6 39. Rf6+ Kd5 40. h4 Re6 41. Rf7 h6 42. a3 Re4 43. Rd7+ Ke6 44. Kxe4 Kxd7 45. Ke5 Ke7 46. b3 a4 47. bxa4 bxa4 48. Kd4 Kd6 49. Kc4 c5 50. Kb5 Kd5 51. Kxa4 Kc4 52. Ka5 Kb3 0-1